American literature - sudden death - Statistics

General Stats
  • This quiz has been taken 373 times
  • The average score is 8 of 16
Answers on the Grid
Answers color-coded by a green-red scale on the quiz's grid according to % correct below.
To Kill a Mockingbird
The Man in the High Castle
Dracula
Nineteen Eighty-Four
The Old Man and the Sea
Little Women
The Hunchback of Notre-Dame
Mrs Dalloway
The Cask of Amontillado
On the Road
The Idiot
Invisible Man
Gone with the Wind
The Great Gatsby
Crime and Punishment
The War of the Worlds
Of Mice and Men
Ulysses
Pride and Prejudice
Moby-Dick
A Farewell to Arms
Wuthering Heights
Fahrenheit 451
The Sound and the Fury
The Lord of the Rings
Frankenstein
The Grapes of Wrath
Faust
The Picture of Dorian Gray
Adventures of Huckleberry Finn
 
Answer Stats
Answer % Correct
To Kill a Mockingbird
95%
The Old Man and the Sea
62%
The Great Gatsby
61%
Gone with the Wind
59%
Little Women
56%
Of Mice and Men
55%
Adventures of Huckleberry Finn
53%
On the Road
48%
The Grapes of Wrath
45%
A Farewell to Arms
43%
Fahrenheit 451
41%
Moby-Dick
40%
Invisible Man
31%
The Sound and the Fury
31%
The Man in the High Castle
27%
The Cask of Amontillado
26%
No matching quizzes found
Score Distribution
Percent of People with Each Score
Percentile by Number Answered
Your Score History
You have not taken this quiz